The Leasehold Valuation Tribunals (Service Charges, Insurance or Appointment of Managers Applications) (Revocation and Saving) (Wales) Order 2004 (Record no. 103553)

MARC details
000 -LEADER
fixed length control field 01173cam a2200205 4500
008 - FIXED-LENGTH DATA ELEMENTS--GENERAL INFORMATION
fixed length control field 040427n2004 000 0 eng u
020 ## - INTERNATIONAL STANDARD BOOK NUMBER
International Standard Book Number 0110908929
035 ## - SYSTEM CONTROL NUMBER
System control number (Sirsi) u126026
041 ## - LANGUAGE CODE
Language code of text/sound track or separate title eng
245 #4 - TITLE STATEMENT
Title The Leasehold Valuation Tribunals (Service Charges, Insurance or Appointment of Managers Applications) (Revocation and Saving) (Wales) Order 2004
260 ## - PUBLICATION, DISTRIBUTION, ETC.
Place of publication, distribution, etc. London
Name of publisher, distributor, etc. HMSO
Date of publication, distribution, etc. 2004
490 ## - SERIES STATEMENT
Series statement SI
Volume/sequential designation 2004: 677
520 ## - SUMMARY, ETC.
Summary, etc. Came into force 31 March 2004. Advises on what information has to be included applications made to a Leasehold Valuation Tribunal on or after 31 March 2004. Revokes Leasehold Valuation Tribunals (Service Charges, Insurance or Appointment of Managers Applications) Order 1997. View at www.legislation.hmso.gov.uk.
650 ## - SUBJECT ADDED ENTRY--TOPICAL TERM
Topical term or geographic name entry element WALES
650 ## - SUBJECT ADDED ENTRY--TOPICAL TERM
Topical term or geographic name entry element LEASEHOLD VALUATION TRIBUNALS (SERVICE CHARGES, INSURANCE OR APPOINTMENT OF MANAGERS APPLICATIONS) (REVOCATION AND SAVING) (WALES) ORDER 2004
650 ## - SUBJECT ADDED ENTRY--TOPICAL TERM
Topical term or geographic name entry element LEASEHOLD VALUATION TRIBUNALS
690 ## - LOCAL SUBJECT ADDED ENTRY--TOPICAL TERM (OCLC, RLIN)
Topical term or geographic name as entry element LANDLORD AND TENANT-LEASEHOLD REFORM
856 ## - ELECTRONIC LOCATION AND ACCESS
Uniform Resource Identifier <a href="https://www.legislation.hmso.gov.uk/legislation/wales/wsi2004/20040677e.htm">https://www.legislation.hmso.gov.uk/legislation/wales/wsi2004/20040677e.htm</a>
Public note View the Order on the HMSO website...
942 ## - ADDED ENTRY ELEMENTS (KOHA)
Suppress in OPAC 0
Holdings
Withdrawn status Lost status Source of classification or shelving scheme Damaged status Not for loan Home library Current library Shelving location Date acquired Total Checkouts Full call number Barcode Date last seen Copy number Price effective from Koha item type
    Dewey Decimal Classification     Virtual Virtual Online 27/04/2004   ONLINE PUBLICATION 126026-2001 06/08/2019 1 06/08/2019 Book